Classic Movies by Picture Quiz Stats

Quiz Updated Jun 11, 2018

Challenge
Share
Tweet
Score 0/20 Timer 06:00
4 Plays Today
% Correct
The Wizard of Oz (1939)
96.2%
Snow White and the Seven Dwarfs (1937)
95.2%
King Kong (1933)
94.2%
Gone With the Wind (1939)
90.3%
The Bride of Frankenstein (1935)
76.4%
It's a Wonderful Life (1946)
76.2%
Casablanca (1942)
66.3%
Duck Soup (1933)
55.6%
Citizen Kane (1941)
53.1%
The Maltese Falcon (1941)
52.6%
% Correct
Nosferatu (1922)
47.2%
Metropolis (1927)
42.9%
Meet Me In St. Louis (1944)
37.2%
All Quiet on the Western Front (1930)
36.6%
The Birth of a Nation (1915)
34.1%
The Philadelphia Story (1940)
31.5%
Le Voyage Dans La Lune (1902)
22.1%
The Third Man (1949)
21.7%
Battleship Potemkin (1925)
14.9%
The Red Shoes (1948)
8.7%

You're not logged in!

Compare scores with friends on all Sporcle quizzes.
Join for Free
OR
Log In

You Might Also Like...

Show Comments

Extras

Top Quizzes Today


Score Distribution

Your Account Isn't Verified!

In order to create a playlist on Sporcle, you need to verify the email address you used during registration. Go to your Sporcle Settings to finish the process.

Report this User

Report this user for behavior that violates our Community Guidelines.

Details: